Most Visited U.S. States by JetPunkers - Statistics

General Stats
  • This quiz has been taken 44,569 times
  • The average score is 7 of 10
Answer Stats
% State % Correct
23.6 California
99%
29.0 New York
98%
26.0 Florida
96%
15.2 Illinois
67%
15.1 Nevada
66%
14.9 Arizona
62%
17.6 New Jersey
62%
17.9 Pennsylvania
62%
16.5 Virginia
57%
15.9 Maryland
50%
No matching quizzes found
Score Distribution
Percent of People with Each Score
Percentile by Number Answered
Your Score History
You have not taken this quiz